The Krebs's cycle - Statistiques

Statistiques générales
  • Ce quiz a été pris 34 fois
  • Le résultat moyen est 7 sur 11
Statistiques - réponses
Hint Réponse % Correct
Answers : Acétyl-Coa
83%
Citrate
83%
Isocitrate
78%
Fumarate
72%
Malate
67%
Oxaloacétate
67%
Succinate
67%
alpha-Cétoglutarate
56%
Succinyl-Coa
50%
cis-Aconitate
39%
Glyoxylate
6%
Aucun quiz correspondant
Distribution des résultats
% des personnes avec chaque résultat
Percentile par nombre de réponses
Votre historique - résultats
Vous n’avez pas pris ce quiz